| 000 | 00673nam a22001817a 4500 | ||
|---|---|---|---|
| 005 | 20240327123405.0 | ||
| 010 | _aENG-139954 | ||
| 020 |
_a9788195172870 _c300.00 |
||
| 035 | _aEN-123486 | ||
| 037 | _bDBAD/PUB | ||
| 082 | _a025.4 | ||
| 245 |
_aTrends, Challenges & Future in Library and Information Science/ _ced. by Prabhat Pandey |
||
| 260 |
_aKanpur _bSocial Research Foundation |
||
| 270 |
_a128/170, H-Block, Kidwai Nagar _bKanpur _eKanpur-11 _k9335332333 |
||
| 300 |
_aiv,114p. _c21cm(Hb) |
||
| 710 |
_aPandey, Prabhat _963980 |
||
| 942 |
_2ddc _cEN _h025.4 _mTRE |
||
| 999 |
_c201802 _d201802 |
||